000
00343 a2200121 4500
001
ART_41983
005
20260410161815.0
008
260409a
245
1
0
_a
El pensamiento crítico
100
1
_a
Cardinaux, Nancy
700
1
_a
Palombo, María Angélica
773
0
_t
Academia
_g
- Año 5, Nº 10 (jul./dic. 2007)
_w
REV4314
999
_c
21783
_d
21783